000 00410nam a2200181Ia 4500
001 4573
005 20260306145806.0
008 260306t2014||||xx |||||||||||||| ||spa||
041 _aESP
082 _a324.985
_bS53
100 _aSifuentes BriceƱo, Mario
_eAUT
245 0 _aSomos libres, podemos elegir
260 _c2014
300 _a
_c
650 _aGEN
654 _aCHU
942 _cLIB
_dJUS
_fJUS
_2ddc
_n
999 _c4573
_d4573